| 000 | 00472nam a22001697a 4500 | ||
|---|---|---|---|
| 005 | 20251112143515.0 | ||
| 008 | 251112b |||||||| |||| 00| 0 eng d | ||
| 020 | _a979-8-88715-02-84 | ||
| 050 |
_aTS 1968 .W38 2023 _b1 |
||
| 100 | _aWATSON,EMILY | ||
| 245 |
_aPOULTRY MEAT SCIENCE _bPAULTRY- PROCESSING |
||
| 260 |
_aDUBLIN,OH _bORYSON PRESS _c2023 |
||
| 300 | _aVI,312P.ILL. | ||
| 500 | _aINCLUDES INDEX | ||
| 650 | _aMEAT QUALITY,FOOD PRODUCTION | ||
| 942 |
_2lcc _cBK |
||
| 999 |
_c216164 _d216164 |
||